000 01296nam0a22002771 4500
001 rc\462392
005 20030616172007.5
035 _a(NLR Aleph) 005706773
090 _a7335329
_c7335329
100 _a20030616d1988 u |0rusy50 ca
101 0 _arus
102 _aRU
105 _aa |||||||||
200 1 _aВЛИЯНИЕ легирования и температурно-временных условий на размер аустенитного зерна
_e[Метод. рекомендации]
_fРДЭНТП
_g[Подгот. д. т. н. Б.Б. Винокуром и к. т. н. О.Г. Касаткиным]
210 _aКиев
_cО-во "Знание" УССР
_cРДЭНТП
_d1988
215 _a[1], 16 с.
_cграф.
_d20
225 1 _aРеспубликанская целевая научно-техническая программа "Материалоемкость"
225 1 _aВ помощь лектору и специалисту
320 _aБиблиогр.: с. 16
702 1 _aВинокур
_bБ. Б.
_gБертольд Бенционович
_4570
712 0 2 _a"Знание", общество УССР
_cКиев
_3RU\NLR\AUTH\889960976
801 0 _aRU
_bNLR
_gpsbo
801 1 _aRU
_bELAR
_2rusmarc
852 _aNLR
_j88-4/21118
942 _cBOOK
980 _aNB